Discrete event system simulation (Record no. 132139)

000 -LEADER
fixed length control field 00321nam a2200121Ia 4500
008 - FIXED-LENGTH DATA ELEMENTS--GENERAL INFORMATION
fixed length control field 220120s9999||||xx |||||||||||||| ||und||
082 ## - DEWEY DECIMAL CLASSIFICATION NUMBER
Classification number 003 .3 BAN
100 ## - MAIN ENTRY--PERSONAL NAME
Personal name Banks, Jerry Carson, John, S etal
245 #0 - TITLE STATEMENT
Title Discrete event system simulation
260 ## - PUBLICATION, DISTRIBUTION, ETC.
Name of publisher, distributor, etc. Pune
Date of publication, distribution, etc. 2005
300 ## - PHYSICAL DESCRIPTION
Other physical details 175
650 ## - SUBJECT ADDED ENTRY--TOPICAL TERM
Topical term or geographic name entry element OPTICAL COMMUNICATION
Holdings
Withdrawn status Lost status Source of classification or shelving scheme Damaged status Not for loan Collection code Home library Current library Shelving location Date acquired Barcode Date last seen Price effective from Koha item type
          Computer Science and Engineering Central Library Central Library Book Cart 01/20/2022 SC196 01/20/2022 01/20/2022 Scheduled Caste Book Bank

Powered by Koha